| 000 | 00362nam a2200109Ia 4500 | ||
|---|---|---|---|
| 008 | 160531s9999 xx 000 0 und d | ||
| 100 | _aWarren, Zachary. | ||
| 245 | _aTherapies for Children With Autism Spectrum Disorders | ||
| 245 | _cby Zachary Warren, et al. | ||
| 260 | _c2011 | ||
| 856 | _uhttp://www.ncbi.nlm.nih.gov/books/NBK56343/pdf/Bookshelf_NBK56343.pdf | ||
| 999 |
_c295527 _d295527 |
||